000 00302nam a22001457a 4500
008 221110b ||||| |||| 00| 0 eng d
020 _a0847801683
041 _aeng
080 _a7
082 _a7 GAB
100 _a21.1
101 _aART
245 _aPROGRESS IN ART
_cGABLIK S
942 _2udc
_cBK
999 _c58849
_d58849